[Event "RUS-Cup2"]
[Site "Moscow"]
[Date "1996.??.??"]
[Round "3"]
[White "Yegiazarian, Arsen"]
[Black "Sokolov, Andrei"]
[Result "0-1"]
[WhiteElo "2455"]
[BlackElo "2585"]
[Annotator "Kharitonov,A"]
[PlyCount "138"]
[EventDate "1996.11.28"]
[EventType "swiss"]
[EventRounds "9"]
[EventCountry "RUS"]
[SourceTitle "CBM 056 Extra"]
[Source "ChessBase"]
[SourceDate "1997.03.01"]
[SourceVersion "1"]
[SourceVersionDate "1997.03.01"]
[SourceQuality "1"]

1. d4 Nf6 2. Nf3 e6 3. c4 b6 4. g3 Ba6 5. b3 Bb4+ 6. Bd2 Be7 7. Bg2 O-O 8. O-O
d5 9. Ne5 $5 {N/} (9. cxd5 exd5 10. Nc3 Bb7 11. Qc2 (11. Ne5 Na6 12. Bc1 Re8
13. Bb2 c5 14. Rc1 Bf8 $13 {Gheorghiu,F-Tukmakov,V/Bern/1995/0|1/45/}) (11. Rc1
Na6 12. Ne5 (12. Qc2 Ba3 13. Rcd1 Re8 14. Ne5 h6 15. Qf5 Bb4 16. Rfe1 c6 17. e4
Nc7 $14 {Karpov,An-Kurajica,B/Tilburg/1994/0,5/51/}) 12... Qc8 13. Bg5 Rd8 14.
f4 c5 15. e3 Nc7 16. f5 Re8 17. g4 Bd6 $13 {Magerramov,E-Sakaev,K/
St-Petersburg/1992/1|0/32/}) 11... Na6 12. Rad1 (12. Bg5 Re8 13. Rfd1 c6 14.
Qb2 Nc7 15. b4 Ne6 16. Bxf6 Bxf6 17. e3 g6 $10 {Garcia Palermo,C-Epishin,V/
Reggio Emilia/1994/0|1/45/}) 12... Qc8 13. Nh4 Re8 14. Nf5 Bf8 15. Bh3 Qd8 16.
Bf4 Ne4 17. Nxe4 dxe4 $15 {Hebden,M-Psakhis,L/Ostende/1992/0,5/40/}) 9... Bb7
10. Nc3 (10. cxd5 Bxd5 $5 (10... Nxd5 $22 11. Nc3 c5 $13)) 10... Nbd7 11. Bf4 (
11. cxd5 Nxe5 $5 12. d6 Nc6 13. dxe7 Qxe7 14. Rc1 Rfd8 15. e3 Na5 16. Qe2 Bxg2
17. Kxg2 c5 $10) 11... c5 12. cxd5 (12. Rc1 $5 Rc8 $5 $13) 12... Nxe5 13. d6 $6
(13. dxe5 $6 Nxd5 14. Nxd5 Bxd5 $15) (13. Bxe5 Nxd5 14. dxc5 Nxc3 15. Bxc3 Bxg2
16. Kxg2 Bxc5 $10) 13... Bxg2 14. dxe7 (14. Kxg2 Qxd6 15. dxe5 (15. Bxe5 Qc6+
16. Kg1 Rfd8 $17) 15... Qc6+ 16. Kg1 Rfd8 17. Qc2 Nd5 $17) (14. dxe5 $2 Bxf1
15. dxe7 Qxe7 16. exf6 (16. Bg5 Qb7 $19) 16... Qxf6 17. Ne4 Qg6 18. f3 Bh3 19.
Ng5 e5 $19) 14... Qxe7 15. Kxg2 (15. dxe5 Bxf1 $19) 15... Ng6 16. Bg5 (16. dxc5
Nxf4+ 17. gxf4 Qxc5 18. Rc1 Rfd8 $17) 16... Rfd8 17. e3 h6 18. Bxf6 Qxf6 $17
19. Ne2 e5 $5 (19... cxd4 20. exd4 Rd7 $17) 20. d5 e4 21. Rc1 Qf3+ 22. Kg1 Ne5
23. Nc3 f5 (23... Qf5 $22 24. Qc2 $2 Nf3+ 25. Kg2 Ng5 $19) 24. Qxf3 Nxf3+ 25.
Kg2 Rd7 26. h3 Kf7 27. Rfd1 (27. g4 g6 $17) 27... Rad8 28. Rc2 h5 29. a3 g6 30.
Rb2 (30. b4 cxb4 31. axb4 Rc8 $17) 30... Ne5 31. Rbd2 a6 32. a4 Nf3 33. Rc2 Ne5
34. Rcd2 Nf3 35. Rc2 a5 $1 36. Rcc1 Kf6 37. h4 (37. Rc2 Ke5 $22 38. Rcc1 g5 39.
Rc2 h4 $17) 37... Ke5 38. Rc2 Rg8 39. Rh1 g5 40. hxg5 Rxg5 41. Kf1 h4 $1 42.
gxh4 Rh7 43. Ke2 (43. hxg5 Rxh1+ 44. Kg2 Rg1+ 45. Kh3 Nxg5+ 46. Kh4 Nf3+ 47.
Kh3 (47. Kh5 Kf6 $19) 47... Ra1 48. Kg3 Ne1 49. Rd2 Nd3 $17) 43... Rxh4 44.
Rxh4 Nxh4 (44... Rg1 $2 45. Rxe4+ fxe4 46. Nxe4 Kxe4 47. Rc4+) 45. d6 (45. Rc1
Nf3 46. Rd1 Rg1 47. Rxg1 Nxg1+ 48. Kd2 Nf3+ 49. Ke2 Ng5 $22 50. Kd2 Nh7 51. Ke2
Nf6 $17) 45... Nf3 $1 46. Rc1 (46. d7 Rg1 $19) 46... Kxd6 47. Nb5+ (47. Rd1+
Kc6 48. Nd5 Nd4+ 49. exd4 Kxd5 50. Ke3 Rh5 51. dxc5+ Kxc5 52. Rc1+ Kb4 53. Rc6
Rh3+ $19) 47... Kc6 48. Na7+ Kb7 49. Nb5 Rg1 50. Rxg1 Nxg1+ 51. Kf1 (51. Kd1
Kc6 $22 52. Nc3 Nf3 53. Ne2 Kd5 $19) 51... Nf3 52. Nd6+ Kc6 53. Nxf5 (53. Nc4
b5 54. axb5+ (54. Nxa5+ Kb6 $19) 54... Kxb5 55. Nd6+ Kb4 $19) 53... Nd2+ 54.
Ke2 Nxb3 $19 55. Kd1 (55. Ng3 Kd5 $19) 55... c4 56. Kc2 Nc5 57. Kc3 Nxa4+ 58.
Kxc4 Nb2+ 59. Kd4 a4 60. Kxe4 a3 61. Nd4+ Kc5 62. Nc2 (62. Nb3+ Kc4 63. Na1 Nd3
64. f4 b5 65. f5 Nc5+ 66. Ke5 b4 $19) 62... a2 63. f4 Kc4 64. f5 Kc3 65. f6 (
65. Na1 Nc4 66. f6 Kb2 (66... Nd6+ $6 67. Kd5 Nf7 68. e4 Kb2 69. e5 Kxa1 70. e6
) 67. Kd5 Nxe3+ $1 68. Ke6 (68. Kd4 Nf5+ 69. Ke5 Nh6 $19) 68... Kxa1 69. f7 Kb1
70. f8=Q a1=Q 71. Qb4+ Qb2 72. Qe1+ Ka2 73. Qxe3 Qb3+ $19) 65... Kxc2 66. f7
a1=Q 67. f8=Q Qh1+ 68. Ke5 Nc4+ 69. Kd4 Qd1+ $1 (69... Qd1+ 70. Kxc4 Qd3+ 71.
Kb4 Qb3#) 0-1

[Event "RUS-ch"]
[Site "Elista"]
[Date "1994.??.??"]
[Round "5"]
[White "Ruban, Vadim"]
[Black "Kiselev, Sergey"]
[Result "1-0"]
[WhiteElo "2560"]
[BlackElo "2460"]
[Annotator "Kharitonov,A"]
[PlyCount "79"]
[EventDate "1994.09.??"]
[EventType "swiss"]
[EventRounds "11"]
[EventCountry "RUS"]
[SourceTitle "CBM 044"]
[Source "ChessBase"]
[SourceDate "1995.02.01"]
[SourceVersion "1"]
[SourceVersionDate "1995.02.01"]
[SourceQuality "1"]

1. d4 {Dautov} Nf6 2. c4 e6 3. Nf3 b6 4. g3 Ba6 5. b3 Bb4+ 6. Bd2 c5 7. Bg2 Bb7
8. O-O O-O 9. Bxb4 (9. Bc3 Qe7 (9... Na6 $5 10. Bb2 cxd4 11. Qxd4 Be7 12. Nc3
Nc5 13. Rad1 Qc8 14. Ng5 $6 (14. Nd2 $32 $10 {Salov}) 14... Bxg2 15. Kxg2 Qc6+
16. f3 Rfd8 $15 {Horvath,C-Salov,V/Hilversum/1993/0:1/36/}) 10. Bb2 d5 11. cxd5
exd5 12. Ne5 $14 {Polgar,Zs/Lutz,C/Groningen/1993/0,5/87/}) 9... cxb4 10. Qd3
d6 11. Nbd2 Qc7 (11... a5 $5 {Dautov /\} 12. e4 e5) 12. Ne1 $5 (12. e4 e5 13.
Ne1 Nc6 14. Nc2 a5 15. Rfe1 Ba6 $2 (15... Rfe8 $5 16. h3 Nxd4 17. Nxd4 exd4 18.
Qxd4 Qc5 19. Qd3 Re6 20. Re3 Rae8 21. Rae1 h6 {/\ Bc6,b5= Vyzmanavin}) 16. Nf1
Rab8 17. Nfe3 b5 18. cxb5 Bxb5 19. Qd2 $14 {Vyzmanavin,A-Kiselev,S/Helsinki/
1992/1:0/40/}) 12... Bxg2 (12... Nc6 {Dautov} 13. Nc2 a5 14. f4 d5 15. e4 dxe4
16. Nxe4 Nxe4 17. Bxe4 h6 18. Rad1 Rfd8 19. f5 exf5 20. Rxf5 $16) (12... Nbd7 {
Dautov} 13. Bxb7 (13. e4 e5 14. Nc2 $14) 13... Qxb7 14. Nc2 a5 15. e4 e5 16.
Ne3 exd4 17. Qxd4 Nc5 18. f3 Ne6 19. Qd3 Nc5 20. Qe2 $14) 13. Nxg2 (13. Kxg2 $5
Nc6 (13... d5 14. Nc2 $14) 14. e4 e5 15. Nc2 a5 16. Rfe1 {/\ f3,Nf1-e3+/=})
13... Nc6 (13... e5 {Dautov} 14. Ne3 Nc6 (14... Nbd7 15. Ne4 Nxe4 16. Qxe4 Nf6
17. Qd3 $14) 15. dxe5 dxe5 16. Ne4 Nxe4 17. Qxe4 $14) 14. f4 $5 (14. e4 e5 15.
Nf3 (15. dxe5 {Dautov} dxe5 16. Ne3 Nd4 $10) 15... Rfe8 16. Rfe1 a5 $13) 14...
d5 (14... e5 $6 15. d5 Nb8 (15... Ne7 {Dautov} 16. fxe5 dxe5 17. e4 $16) 16.
fxe5 dxe5 17. Rxf6 $1 gxf6 18. Ne4 Nd7 19. Rf1 Qd8 20. Qf3 {/\ Ne3-g4->}) (
14... Rfe8 15. d5 $5 (15. e4 e5 16. d5 Nd4 17. fxe5 dxe5 18. Ne3 Qc5 19. Kg2 {
/\ Nf5+/-}) 15... Nb8 16. e4 $14) 15. Rfc1 $14 (15. Rac1 $5) (15. e4 $2 {Dautov
} dxe4 16. Nxe4 Nxe4 17. Qxe4 Rad8 18. Rad1 (18. d5 exd5 19. cxd5 Ne7 20. Ne3
Nxd5 21. Nxd5 Qc5+ 22. Ne3 Rde8 $17) 18... Nxd4 $1 19. Rxd4 Qc5 20. Rfd1 Rxd4
21. Qxd4 Rd8 $19) 15... Qd7 16. e3 Rfc8 (16... a5 {Dautov} 17. Ne1 a4 18. Nef3
axb3 19. axb3 Ra3 20. Ne5 Nxe5 21. fxe5 $16) 17. Ne1 Rc7 18. Nef3 Rac8 19. e4 (
19. Ne5 {Dautov} Nxe5 20. fxe5 Ng4 $14) (19. Rc2 $5 {Dautov} a5 20. Rac1 $16 {
/\Ne5,/\e4}) 19... Nxe4 20. Nxe4 dxe4 21. Qxe4 b5 $5 22. d5 (22. c5 Rd8 23. Rd1
Qd5) (22. cxb5 $2 Nxd4 23. Rxc7 Nxf3+ 24. Qxf3 Qxc7 $17) 22... exd5 (22... Ne7
$2 {Dautov} 23. Ng5 Nf5 24. dxe6 fxe6 25. Rd1 $16) 23. cxd5 (23. Qxd5 Qxd5 (
23... bxc4 $2 24. Qxd7 Rxd7 25. Rxc4 $16) 24. cxd5 Nd4 25. Rxc7 Nxf3+ 26. Kf2
Rxc7 27. Kxf3 Kf8 28. Rd1 Ke8 $10) 23... Nd4 $1 (23... Ne7 {Dautov} 24. Rxc7
Qxc7 25. Rd1 Qc5+ 26. Kh1 Qd6 27. Ng5 g6 28. Qd4 $16) 24. Rxc7 Nxf3+ 25. Qxf3
Qxc7 26. Rd1 Qd6 27. Qe3 a6 28. Qe5 (28. Rd2 {Dautov} h6 29. Kg2 $16) 28... Rd8
$4 (28... Qc5+ $1 29. Kf1 (29. Kh1 Qf2 30. Qe4 (30. Re1 h6 {/\Rc2}) 30... g6
31. Qg2 Qxg2+ 32. Kxg2 Kf8 $10) (29. Qd4 Qxd4+ 30. Rxd4 Rc1+ 31. Kg2 Rc2+ 32.
Kf3 Kf8) 29... Qc2 30. Qe2 Qxe2+ 31. Kxe2 Kf8 $10 (31... Rc2+ {Dautov} 32. Rd2
Rxd2+ 33. Kxd2 Kf8 34. Kd3 Ke7 35. Kd4 Kd6 36. g4 f6 37. f5 h6 38. h3 a5 39. h4
a4 40. h5 a3 41. Ke4 Kc5 42. d6 Kxd6 43. Kd4 $10)) (28... Qxe5 $2 {Dautov} 29.
fxe5 Kf8 30. d6 $16) 29. Qxd6 Rxd6 30. Kf2 $18 Kf8 31. Ke3 Ke7 32. Kd4 Rh6 33.
Rd2 Kd6 (33... Kd7 34. Kc5 $18) 34. Rc2 Rh3 35. Rc6+ Kd7 36. Rxa6 Rxh2 37. Kc5
Rc2+ (37... Rg2 38. Ra7+ Ke8 39. Kd6 f6 40. Rxg7 $18) 38. Kxb4 Rg2 39. Kc5 Rxg3
(39... Rc2+ 40. Kxb5 Rg2 41. Ra7+ $18) 40. Ra7+ (40. Ra7+ Ke8 41. Kc6 $18 Rc3+
42. Kd6 Rc8 43. Re7+ Kf8 44. Re2 h5 45. Kd7 Ra8 46. d6 $18) 1-0

[Event "Match Kortschnoj-Timman +1-1=4 KRO"]
[Site "Hilversum"]
[Date "1982.12.11"]
[Round "5"]
[White "Kortschnoj, Viktor Lvovich"]
[Black "Timman, Jan H"]
[Result "1/2-1/2"]
[WhiteElo "2645"]
[BlackElo "2655"]
[Annotator "Kharitonov,A"]
[PlyCount "83"]
[EventDate "1982.12.06"]
[EventType "match"]
[EventRounds "6"]
[EventCountry "NED"]
[SourceTitle "MCL"]
[Source "ChessBase"]
[SourceDate "1999.07.01"]
[SourceVersion "1"]
[SourceVersionDate "1999.07.01"]
[SourceQuality "1"]

1. d4 Nf6 2. c4 e6 3. Nf3 b6 4. g3 Ba6 5. b3 Bb4+ 6. Bd2 Be7 7. Nc3 c6 8. e4 d5
9. e5 (9. cxd5 Bxf1 10. Kxf1 cxd5 11. e5 Ne4 12. Qe2 Nxc3 13. Bxc3 Qd7 14. Kg2
Nc6 15. Rhe1 {Karpov,An-Sokolov,A/Linares(m/10)/1987/1:0/63/}) 9... Ne4 10. Bd3
Nxc3 (10... Nxd2 11. Qxd2 Qd7 12. O-O O-O 13. Rfe1 b5 14. c5 b4 15. Na4 Bxd3
16. Qxd3 Qb7 17. Nb2 Na6 18. Qd2 Nc7 19. Nd3 a5 20. a3 $14 {Haik,A-Cshom,I/
Biel/1986/1:0/49/}) 11. Bxc3 c5 12. dxc5 bxc5 (12... Bxc5 13. O-O Bb7 14. Qe2
O-O (14... dxc4 $5 15. Be4 Bxe4 16. Qxe4 Qd5 17. Qg4 O-O 18. Rad1 Qb7 19. Ng5
$44 {Christiansen/}) 15. Rad1 $14 {Christiansen,L-Ligterink,H/Luzern ol/1982/1:
0/20/}) 13. Qe2 (13. O-O $5 Bb7 14. Qe2 Qd7 15. cxd5 Bxd5 (15... Qxd5 16. Kg2
g5 17. Bc4 Qe4 18. Qxe4 Bxe4 19. Rfe1 Bb7 20. h3 h5 21. g4 $16) 16. Nd2 Nc6 17.
Ne4 Nd4 18. Bxd4 cxd4 19. Qg4 Kf8 20. Rac1 $16 {Ribli,Z-Timman,J/Tilburg/1984/
1:0/46/}) (13. cxd5 Qxd5 14. Bxa6 Qxd1+ 15. Rxd1 Nxa6 16. Nd2 $14 {Timman/})
13... Bb7 14. O-O-O $6 (14. O-O $5 d4 $6 15. Bd2 O-O 16. Be4 Bxe4 17. Qxe4 Nd7
18. h4 {/\Ne1-d3+/-/}) 14... d4 15. Be4 Nc6 (15... Qb6 $5 16. Ba5 Qa6 17. Kb2 {
Timman/} Bxe4 18. Qxe4 Nc6 19. Bd2 Qb6 $13) 16. Bd2 Qb6 17. Qd3 Rb8 (17... a5
$6 18. a4 Rb8 {/\19.Kc2? Ne5 20.Ne5 Be4!-+/} 19. Rhe1 $14) 18. Kb2 h6 (18... a5
$6 19. Ka1 a4 (19... Nb4 20. Bxb4 Qxb4 21. Bxb7 Rxb7 22. Rb1 $14) 20. Rb1 $36)
19. Ka1 Bd8 20. Rb1 $6 (20. Rhe1 $5 O-O 21. Rc1 $1 Nb4 22. Bxb4 Bxe4 23. Rxe4
Qxb4 24. Nd2) 20... O-O 21. Rhe1 (21. g4 $5 {/\h4,g5|^/}) 21... Nb4 (21... Qa6
$5) 22. Bxb4 Bxe4 (22... Qxb4 23. Bxb7 Rxb7 24. Nd2 Ba5 25. Ne4 Qa3 26. Re2 Bc7
27. f4 a5 $132) 23. Rxe4 Qxb4 24. Kb2 Ba5 (24... f5 25. exf6 Rxf6 26. Rf4 Rxf4
27. gxf4 Ba5 28. Rc1 $36 {Timman/}) 25. Ng1 (25. g4 $6 f5 26. exf6 Rxf6 $17)
25... Rfc8 26. Ne2 Rc6 27. a3 $8 (27. f4 Ra6 $1) 27... Qb7 28. Kc2 Rb6 29. Rf4
$1 Ra6 (29... Bc3 30. Qe4 Qa6 (30... Rxb3 $5 31. Qxb7 R3xb7 32. Rxb7 Rxb7 33.
Nxc3 dxc3 34. Kxc3 Rb1 35. Re4 g5 $15) 31. Nxc3 dxc3 32. Qd3 (32. a4 Rxb3 33.
Rxb3 Qxa4 $19) 32... Qxa3 33. Qxc3 $10) 30. Re4 (30. b4 $2 cxb4 31. Rxd4 (31.
Nxd4 Qc7 $17) 31... Rb6 $17 {Timman/}) 30... Bc3 $2 (30... Bc7 31. Ra1 Rb6 32.
Nc1 $1 $15) 31. Nxc3 dxc3 32. Re3 (32. Kxc3 Rxa3 33. Kc2 (33. Qc2 Qb4+ $19)
33... a5 $17) 32... Rxa3 $17 33. Qxc3 Rd8 (33... Ra2+ 34. Rb2 Rxb2+ 35. Kxb2
Qg2 36. Re2 Qxh2 37. Qa5 {Timman/}) (33... Qg2 $5 34. Re2 Qxh2 $17) 34. Ra1 $6
(34. Qe1 Qd7 $36 (34... a5 $5 35. Kb2 Qb4 36. Qxb4 axb4 37. Kc1 (37. Re2 Rd3
38. Kc2 Rc3+ $19) 37... Ra2 38. Rb2 Rxb2 39. Kxb2 Rd2+ $19)) 34... Rxa1 35.
Qxa1 Qd7 $19 36. Qe1 Qd4 $2 (36... a5 $22 37. Qe2 a4 38. Rd3 axb3+ 39. Kc3 (39.
Rxb3 Qa4 40. Kb2 Ra8 41. Kc2 Qa1 $19) 39... Qxd3+ 40. Qxd3 Rxd3+ 41. Kxd3 Kh7
42. f4 (42. Kc3 Kg6 43. Kxb3 Kf5 44. f4 f6 $1 45. exf6 gxf6 46. Kc3 (46. Ka4 e5
$19 {Timman/}) 46... Ke4 $19) 42... Kg6 43. g4 h5 44. h3 hxg4 45. hxg4 f6 46.
exf6 gxf6 47. Kc3 e5 48. fxe5 fxe5 49. Kxb3 e4 50. Kc3 Kg5 $19) 37. Rc3 $1 $10
(37. Qe2 $2 Qa1 $17) 37... a5 38. Qe2 a4 39. bxa4 $1 Ra8 40. Ra3 Rb8 41. Rb3 (
41. Ra2 Rb4 $19) 41... Ra8 42. Ra3 1/2-1/2

[Event "Bundesliga 0304"]
[Site "Germany"]
[Date "2003.12.13"]
[Round "5.3"]
[White "Kempinski, Robert"]
[Black "Socko, Bartosz"]
[Result "1/2-1/2"]
[WhiteElo "2561"]
[BlackElo "2547"]
[Annotator "Konikowski,J"]
[PlyCount "44"]
[EventDate "2003.11.01"]
[EventType "team-tourn"]
[EventRounds "15"]
[EventCountry "GER"]
[SourceTitle "CBM 099"]
[Source "ChessBase"]
[SourceDate "2004.03.30"]
[SourceVersion "1"]
[SourceVersionDate "2004.03.30"]
[SourceQuality "1"]
[WhiteTeam "Hamburger SK"]
[BlackTeam "Kreuzberg"]
[WhiteTeamCountry "GER"]
[BlackTeamCountry "GER"]

1. d4 Nf6 2. c4 e6 3. Nf3 b6 4. g3 Ba6 5. Qb3 Bb7 6. Bg2 c5 7. O-O cxd4 8. Nxd4
Bxg2 9. Kxg2 Nc6 10. Nxc6 dxc6 11. Qf3 Qc8 $5 $146 {[%mdl 8]} (11... Qc7 12.
Nc3 Rd8 13. Bf4 Bd6 14. Bxd6 Rxd6 15. Rad1 Rxd1 16. Rxd1 Ke7 17. Ne4 Nxe4 18.
Qxe4 h6 19. b3 Rd8 20. Rxd8 Qxd8 21. Qxc6 a5 22. a3 g5 23. b4 axb4 24. axb4 h5
25. c5 $18 {Grivas,E-Fish,G/Heraklio 1995/}) 12. Nc3 Be7 (12... e5 $5) 13. Bf4
O-O 14. Rfd1 Qb7 15. Rd3 (15. Nb5 Rfd8 $11) 15... Rad8 16. Rad1 Rxd3 17. Rxd3
a6 18. Bd6 Rc8 19. Ne4 Nxe4 20. Qxe4 Bf6 21. Be5 Be7 22. Bd6 Bf6 1/2-1/2

[Event "Bundesliga 0304"]
[Site "Germany"]
[Date "2004.04.24"]
[Round "14.2"]
[White "Van Wely, Loek"]
[Black "Babula, Vlastimil"]
[Result "1-0"]
[WhiteElo "2654"]
[BlackElo "2567"]
[Annotator "Kortschnoj,V"]
[PlyCount "59"]
[EventDate "2003.11.01"]
[EventType "team-tourn"]
[EventRounds "15"]
[EventCountry "GER"]
[SourceTitle "CBM 101"]
[Source "ChessBase"]
[SourceDate "2004.07.27"]
[SourceVersion "1"]
[SourceVersionDate "2004.07.27"]
[SourceQuality "1"]
[WhiteTeam "Porz"]
[BlackTeam "Werder Bremen"]
[WhiteTeamCountry "GER"]
[BlackTeamCountry "GER"]

1. d4 Nf6 2. c4 e6 3. Nf3 b6 4. g3 Ba6 5. b3 Bb4+ 6. Bd2 Be7 7. Nc3 c6 8. e4 d5
9. e5 Ne4 10. Bd3 Nxc3 11. Bxc3 c5 12. dxc5 Bxc5 13. O-O Bb7 14. Qe2 dxc4 15.
Be4 $5 {An interesting theoretical novelty. Earlier they have taken on c4 -
either with a bishop or a pawn.} Bxe4 ({More careful would be} 15... Qc7 {
and if} 16. b4 Be7 17. Nd4 {then} a6 {with good chances to repel the white's
assault.}) 16. Qxe4 Nd7 $2 {Decisive mistake!} (16... Qd5 {was called for.
With approximate continuation:} 17. Qg4 (17. Qxd5 exd5 18. b4 Be7 (18... d4 19.
Be1) 19. Nd4 Kd7 20. b5) 17... O-O 18. Rad1 Qb7 19. bxc4 {In both cases white,
due to the space advantage, has an edge.}) 17. b4 Be7 18. Nd4 Rc8 19. f4 g6 {
Since this move fails to prevent f4-f5 it has to be considered weak one, but
there is nothing better.} ({Say, after} 19... Qc7 20. f5 Qxe5 21. Qf3 {black's
position is dead lost...}) 20. f5 gxf5 21. Nxf5 Rg8 22. Qf3 exf5 23. Qxf5 Rg7
24. e6 Nf6 25. Rad1 Qc7 26. Be5 Qb7 27. Bxf6 fxe6 28. Qh5+ Rg6 29. Bxe7 Qxe7
30. Qb5+ 1-0

[Event "Las Palmas"]
[Site "Las Palmas"]
[Date "1996.12.10"]
[Round "2"]
[White "Karpov, Anatoly"]
[Black "Anand, Viswanathan"]
[Result "1/2-1/2"]
[WhiteElo "2775"]
[BlackElo "2735"]
[Annotator "Kramnik,V"]
[PlyCount "88"]
[EventDate "1996.12.08"]
[EventType "tourn"]
[EventRounds "10"]
[EventCountry "ESP"]
[EventCategory "21"]
[SourceTitle "CBM 057"]
[Source "ChessBase"]
[SourceDate "1997.04.01"]
[SourceVersion "1"]
[SourceVersionDate "1997.04.01"]
[SourceQuality "1"]

1. d4 {Shamkovich Avrukh,B} Nf6 2. c4 e6 3. Nf3 b6 4. g3 Ba6 5. b3 Bb4+ 6. Bd2
Be7 7. Bg2 c6 8. Bc3 d5 9. Ne5 Nfd7 10. Nxd7 Nxd7 11. Nd2 O-O 12. O-O Rc8 {
12... Rb8 was tested two times in FIDE Wch match} (12... Rb8 13. Re1 (13. Bb2
b5 14. c5 e5 15. dxe5 Nxc5 16. a3 Bb7 17. b4 Na4 18. Bd4 a5 $1 {with sharp
play, Karpov,A-Kamsky,G/w-ch(13) Elista RUS 1996}) 13... b5 $5 14. c5 e5 15.
dxe5 Nxc5 16. a3 Ne6 17. b4 d4 18. Bb2 c5 19. bxc5 Bxc5 20. Ne4 Be7 21. e3 dxe3
22. Rxe3 Qxd1+ 23. Rxd1 {play is even, Karpov,A-Kamsky,G/w-ch (3) Elista RUS
1996}) (12... Nf6 {Here is another recent Karpov's game:} 13. Re1 c5 14. e4
cxd4 15. Bxd4 dxc4 16. Nxc4 Bxc4 17. bxc4 Rc8 18. Rc1 Bc5 {Black has a
comfortable play, Van Wely,L-Karpov,A/Final Playoff, Cap D'Agde FRA 1996}) 13.
e4 b5 {In game 16 of the match in Elista, Karpov played Black and tried} (13...
c5 $6 {but after} 14. exd5 exd5 15. dxc5 dxc4 16. c6 $1 cxb3 17. Re1 $1 Bb5 18.
axb3 Bxc6 19. Bxc6 Rxc6 20. Rxa7 Bf6 21. Nc4 Bxc3 22. Rxd7 Qf6 23. Re4 {
Kamsky managed to get a dangerous initiative, Kamsky,G-Karpov,A/w-ch (16)
Elista RUS 1996}) 14. Re1 dxc4 15. bxc4 bxc4 16. Qa4 {Another line is 16Qc2.
(Avrukh.B.)} Bb5 17. Qc2 Re8 18. a4 Ba6 19. Rad1 Bf8 20. Nf1 (20. Re3 c5 21. d5
exd5 22. exd5 Rxe3 23. fxe3 Qe8 24. e4 Rd8 25. e5 Nxe5 26. Re1 f6 27. Bxe5 fxe5
28. Bh3 Kh8 29. Be6 Qg6 {0.5 Grabliauskas-Stohl 1996.(Avrukh.B.)}) (20. Qa2 c5
21. d5 exd5 22. exd5 Rxe1+ 23. Rxe1 Nb6 24. Ba5 Qd7 {0,5 Dautov-Hrachek 1995.
(Avrukh.B.)}) 20... Qb6 {New move according my database.(Avrukh.B.)} (20... Qc7
21. Ne3 e5 22. Bf1 exd4 23. Bxd4 Bb4 24. Bc3 Bxc3 25. Qxc3 Qe5 26. Qc2 Nb6 27.
a5 Na8 28. Bxc4 Bxc4 29. Nxc4 $14 {Komarov-Psakhis 1996 (Avrukh.B.)}) 21. Rb1 (
21. a5 $2 Qb3 22. Qxb3 (22. Qd2 Rb8 $17) 22... cxb3 23. Rb1 Rb8 24. Nd2 b2 $1
25. Rxb2 Rxb2 26. Bxb2 Bb4 $17 {(Avrukh.B.)}) 21... Qc7 22. Ne3 Rb8 (22... e5
23. Bf1 (23. dxe5 Nc5 (23... Nxe5 24. Bxe5 Rxe5 (24... Qxe5 25. Nxc4 Qe6 $10)
25. Bf1 Rce8 26. Bxc4 Bxc4 27. Nxc4 R5e6 $10) 24. Red1 Nd3 25. e6 $6 (25. Ba1
Nxe5 26. Bxe5 Rxe5 27. Nxc4 (27. Bf1 $2 Rce8) 27... Rc5 28. Bf1 {With idea
29Qa2, with equal chances.}) 25... Rxe6 $1 26. Bh3 Rxe4 $36) 23... exd4 24.
Bxd4 Rcd8 25. Bxc4 Bxc4 26. Nxc4 Nc5 27. Bc3 Qc8 $10 {(Avrukh.B.)}) 23. Bf1
Rxb1 (23... c5 24. d5 $14 {(Avrukh.B.)}) 24. Rxb1 Rb8 25. Bxc4 (25. Rd1 c5 (
25... e5 26. Bxc4 (26. dxe5 Nxe5 27. Bxe5 Qxe5 28. Bxc4 Bxc4 29. Nxc4 Qe6 $10)
26... Bxc4 27. Nxc4 exd4 28. Bxd4 Bc5 $10) 26. d5 exd5 27. exd5 (27. Rxd5 Bb7
28. Rd1 Ne5 29. Bxc4 (29. Nxc4 Nf3+ 30. Kg2 Re8 $1 $40) 29... Nxc4 30. Nxc4 Rd8
$10) (27. Nxd5 $6 Qc6 28. Ba1 Nb6 29. a5 (29. Nxb6 $2 axb6 30. Bxc4 Bxc4 31.
Qxc4 Ra8 $17) 29... Nxd5 30. exd5 Qc7 $15) 27... Ne5 28. Qe4 Nd3 29. Nxc4 Bxc4
30. Qxc4 (30. Bxd3 Bxd3 $10) 30... Nb2 $1 $10 {(Avrukh.B.)}) 25... Rxb1+ 26.
Qxb1 {After Rooks are gone, the position became drawish} Bxc4 27. Nxc4 Qc8 $1
$10 {(Avrukh.B.)} 28. Bd2 Qa6 29. Qc2 Nf6 (29... c5 30. Be3 (30. d5 exd5 31.
exd5 Nf6 32. Ne3 Qe2 $1 $15) 30... cxd4 31. Bxd4 Qc6 $10 {With idea.} 32. Bxa7
$2 Ne5 33. Ne3 Qb7 $1 $17 {(Avrukh.B.)}) 30. f3 c5 31. Be3 cxd4 32. Bxd4 Nd7
33. Kg2 h6 34. Ne5 Nxe5 35. Bxe5 Qb7 36. Bd4 a6 37. Qc4 h5 38. h3 g6 39. Be5
Bg7 40. Qc7 Qxc7 41. Bxc7 f5 42. Kf2 Kf7 43. Ke3 Ke7 44. Ba5 Be5 1/2-1/2